Via Occupation (Record no. 168480)

MARC details
000 -LEADER
fixed length control field 00654nam a2200217 a 4500
008 - FIXED-LENGTH DATA ELEMENTS--GENERAL INFORMATION
fixed length control field
020 ## - INTERNATIONAL STANDARD BOOK NUMBER
International Standard Book Number 09780980003601 (Pbk.)
049 ## - LOCAL HOLDINGS (OCLC)
Holding library MAIN
090 ## - LOCALLY ASSIGNED LC-TYPE CALL NUMBER (OCLC); LOCAL CALL NUMBER (RLIN)
Classification number (OCLC) (R) ; Classification number, CALL (RLIN) (NR) NA2542.4
Local cutter number (OCLC) ; Book number/undivided call number, CALL (RLIN) VIA
003 - CONTROL NUMBER IDENTIFIER
control field
005 - DATE AND TIME OF LATEST TRANSACTION
control field 20230123141139.0
040 ## - CATALOGING SOURCE
Transcribing agency NUST
245 10 - TITLE STATEMENT
Title Via Occupation
Statement of responsibility, etc. edited by Morgan Martinson
260 ## - PUBLICATION, DISTRIBUTION, ETC.
Place of publication, distribution, etc. Philadelpha:
Name of publisher, distributor, etc. School of ,Univesity of Pennsylvana,
Date of publication, distribution, etc. 2007
300 ## - PHYSICAL DESCRIPTION
Extent 183 pages:
Other physical details colour Illustrations,
Dimensions 28 cm.
650 ## - SUBJECT ADDED ENTRY--TOPICAL TERM
Topical term or geographic name entry element Architectural Design
650 ## - SUBJECT ADDED ENTRY--TOPICAL TERM
Topical term or geographic name entry element Architecture Human society
650 #1 - SUBJECT ADDED ENTRY--TOPICAL TERM
Topical term or geographic name entry element Regional Planning
907 ## - LOCAL DATA ELEMENT G, LDG (RLIN)
a .b10397346
b 19-03-19
c 19-03-19
942 ## - ADDED ENTRY ELEMENTS (KOHA)
Koha item type Ordinary Loan Books
Call number prefix NA2542.4
Call number suffix VIA
Holdings
Date last seen Total Checkouts Full call number Barcode Cost, replacement price Price effective from Koha item type Lost status Source of classification or shelving scheme Damaged status Not for loan Collection Withdrawn status Home library Current library Shelving location Date acquired Cost, normal purchase price
01/23/2023   NA2542.4 VIA 92004046197 80.00 01/23/2023 BOOKS   LCC     NFIC   MAIN MAIN GEN 01/23/2023 80.00